Usability engineering /

Guardado en:
Autor Principal: Nielsen, Jakob, 1957-
Formato: Libro
Idioma:English
Publicado: Boston : Academic Press, c1993.
Materias:
Etiquetas: Agregar Etiqueta
Sin Etiquetas, Sea el primero en etiquetar este registro!
LEADER 00713pam a2200217 a 4500
001 DCC.dcic001018
008 930210s1993####maua#####b####001#0#eng##
005 20151125142156.0
245 1 0 |a Usability engineering /  |c Jakob Nielsen. 
260 |a Boston :  |b Academic Press,  |c c1993. 
300 |a xiv, 358 p. :  |b il. ;  |c 24 cm. 
504 |a Incluye referencias bibliográficas (p. 283-336) e índices. 
020 |a 0125184050 (acid-free paper) 
100 1 |a Nielsen, Jakob,  |d 1957- 
082 0 0 |a 005.1  |2 20 
650 0 |a User interfaces (Computer systems) 
650 0 |a Computer software  |x Development. 
010 |a  93000488  
040 |a DLC  |c DLC  |d DLC 
050 0 0 |a QA76.9.U83  |b N54 1993 
859 |a DCIC  |b BIB. COMPUTACION  |p 1535